បញ្ហាវប្បធម៌​ និងអារ្យធម៌ (Record no. 8552)

000 -LEADER
fixed length control field 00302nam a22001097a 4500
040 ## - CATALOGING SOURCE
Transcribing agency SK
082 ## - DEWEY DECIMAL CLASSIFICATION NUMBER
Classification number 301
100 ## - MAIN ENTRY--AUTHOR NAME
Personal name វ៉ាន់ឌី កាអុន
245 ## - TITLE STATEMENT
Title បញ្ហាវប្បធម៌​ និងអារ្យធម៌
260 ## - PUBLICATION, DISTRIBUTION, ETC. (IMPRINT)
Place of publication RUA
Name of publisher វ៉ាន់ឌី
Year of publication NA
942 ## - ADDED ENTRY ELEMENTS (KOHA)
Koha item type សៀវភៅភាសាខ្មែរ
952 ## - LOCATION AND ITEM INFORMATION (KOHA)
Withdrawn status [LOCAL, KOHA] 0
952 ## - LOCATION AND ITEM INFORMATION (KOHA)
Withdrawn status [LOCAL, KOHA] 0
952 ## - LOCATION AND ITEM INFORMATION (KOHA)
Withdrawn status [LOCAL, KOHA] 0
952 ## - LOCATION AND ITEM INFORMATION (KOHA)
Withdrawn status [LOCAL, KOHA] 0
952 ## - LOCATION AND ITEM INFORMATION (KOHA)
Withdrawn status [LOCAL, KOHA] 0
952 ## - LOCATION AND ITEM INFORMATION (KOHA)
Withdrawn status [LOCAL, KOHA] 0
952 ## - LOCATION AND ITEM INFORMATION (KOHA)
Withdrawn status [LOCAL, KOHA] 0
952 ## - LOCATION AND ITEM INFORMATION (KOHA)
Withdrawn status [LOCAL, KOHA] 0
952 ## - LOCATION AND ITEM INFORMATION (KOHA)
Withdrawn status [LOCAL, KOHA] 0
952 ## - LOCATION AND ITEM INFORMATION (KOHA)
Withdrawn status [LOCAL, KOHA] 0
Holdings
Permanent Location Date acquired Koha item type Lost status Shelving location Barcode Current Location Full call number
Library Block C2016-08-03សៀវភៅភាសាខ្មែរ C067RUA061906Library Block C301 វ៉ាន់ឌី NA C67
Library Block C2016-08-03សៀវភៅភាសាខ្មែរ C067RUA035456Library Block C301 វ៉ាន់ឌី NA C67
Library Block C2016-08-03សៀវភៅភាសាខ្មែរ C067RUA035720Library Block C301 វ៉ាន់ឌី NA C67
Library Block C2016-08-03សៀវភៅភាសាខ្មែរ C067RUA062436Library Block C301 វ៉ាន់ឌី NA C67
Library Block C2016-08-03សៀវភៅភាសាខ្មែរ C067RUA035490Library Block C301 វ៉ាន់ឌី NA C67
Library Block C2016-08-03សៀវភៅភាសាខ្មែរ C067RUA062464Library Block C301 វ៉ាន់ឌី NA C67
Library Block C2016-08-03សៀវភៅភាសាខ្មែរ C067RUA035480Library Block C301 វ៉ាន់ឌី NA C67
Library Block C2016-08-03សៀវភៅភាសាខ្មែរ C067RUA062528Library Block C301 វ៉ាន់ឌី NA C67
Library Block C2016-08-03សៀវភៅភាសាខ្មែរ C067RUA062351Library Block C301 វ៉ាន់ឌី NA C67
Library Block C2016-08-03សៀវភៅភាសាខ្មែរ C067RUA062407Library Block C301 វ៉ាន់ឌី NA C67
មជ្ឈមណ្ឌលឯការនៃសាកលវិទ្យាល័យភូមិន្ទកសិកម្មចំការដូង

Powered by Koha